The Impact of indoor and outdoor radiometer calibration on solar measurements : preprint /

Bibliographic Details
Main Author: Habte, Aron M. (Author)
Format: Government Document eBook
Language:English
Published: [Golden, Colo.] : National Renewable Energy Laboratory, 2016.
Series:Conference paper (National Renewable Energy Laboratory (U.S.)) ; NREL/CP-5 D 00-66659.
Subjects:
Online Access:https://purl.fdlp.gov/GPO/gpo70794
http://purl.fdlp.gov/GPO/gpo70794

MARC

Tag First Indicator Second Indicator Subfields
LEADER 00000cam a2200000 i 4500
001 in00003732321
005 20210514085126.0
006 m o d f
007 cr m||||||||||
008 160801s2016 coua ob f100 0 eng c
035 |a (OCoLC)ocn954339749 
042 |a pcc 
040 |a GPO  |b eng  |e rda  |e pn  |c GPO  |d GPO  |d MvI 
049 |a WWW 
074 |a 0430-P-04 (online) 
086 0 |a E 9.17:NREL/CP-5 D 00-66659 
100 1 |a Habte, Aron M.,  |e author. 
245 1 4 |a The Impact of indoor and outdoor radiometer calibration on solar measurements :  |b preprint /  |c Aron Habte [and three others]. 
264 1 |a [Golden, Colo.] :  |b National Renewable Energy Laboratory,  |c 2016. 
300 |a 1 online resource (6 pages) :  |b color illustrations. 
336 |a text  |b txt  |2 rdacontent 
337 |a computer  |b c  |2 rdamedia 
338 |a online resource  |b cr  |2 rdacarrier 
490 1 |a NREL/CP ;  |v 5D00-66659 
500 |a "July 2016." 
500 |a "Presented at the European PV Solar Conference and Exhibition (EU PVSEC), Munich, Gerrnany, June 20-24, 2016." 
500 |a Title from title screen (viewed on Aug. 1, 2016). 
504 |a Includes bibliographical references (page 5). 
536 |b DE-AC36-08GO28308 
650 0 |a Atmospheric radiation  |x Measurement. 
650 0 |a Pyranometer  |x Calibration. 
650 0 |a Infrared technology  |x Research. 
650 0 |a Photovoltaic power generation. 
710 2 |a National Renewable Energy Laboratory (U.S.),  |e issuing body. 
830 0 |a Conference paper (National Renewable Energy Laboratory (U.S.)) ;  |v NREL/CP-5 D 00-66659. 
856 4 0 |u https://purl.fdlp.gov/GPO/gpo70794  |t 0 
856 4 0 |u http://purl.fdlp.gov/GPO/gpo70794  |t 0 
999 f f |s 19a3ef02-720b-3d47-b469-b54e1af6fe95  |i 6adc1031-d28f-3880-8576-23719424c42b  |t 0 
952 f f |a Texas A&M University  |b College Station  |c Electronic Resources  |d Available Online  |t 0  |e E 9.17:NREL/CP-5 D 00-66659  |h Superintendent of Documents classification 
998 f f |a E 9.17:NREL/CP-5 D 00-66659  |t 0  |l Available Online